Vista normal Vista MARC

Entrada Nombre corporativo

Número de registros utilizados en: 1

001 - NÚMERO DE CONTROL

  • campo de control: 4842

003 - IDENTIFICADOR DE NÚMERO DE CONTROL

  • campo de control: OSt

005 - FECHA Y HORA DE LA ÚLTIMA TRANSACCIÓN

  • campo de control: 20221005155105.0

008 - ELEMENTOS DE DATO DE LONGITUD-FIJA

  • campo de control de longitud fija: 221005|| aca||aabn | a|a d

040 ## - FUENTE DE CATALOGACIÓN

  • Centro catalogador/agencia de origen: OSt
  • Centro/agencia transcriptor: OSt

110 ## - ENCABEZAMIENTO-NOMBRE DE ENTIDAD CORPORATIVA

  • Nombre de entidad corporativa o nombre de jurisdicción como elemento de entrada: ENCUENTRO ENTRE EMPRESARIOS, SINDICALISTAS Y LABORALISTAS
  • Número del congreso/reunión o número de parte o sección: 10º
  • Fecha del congreso o de la firma del tratado: 1980

670 ## - FUENTE DE DATOS ENCONTRADOS

  • Cita de la fuente: Work cat.: (OSt)4401: ENCUENTRO ENTRE EMPRESARIOS, SINDICALISTAS Y LABORALISTAS 10º 1980, <El> Consejo Económico y Social :, D.L. 1980

Con tecnología Koha